[Event "SUI-chT"]
[Site "Switzerland"]
[Date "2023.04.30"]
[Round "2.5"]
[White "Almada, Enrique"]
[Black "Froeschl, Stefan"]
[Result "1-0"]
[WhiteElo "2308"]
[BlackElo "2068"]
[PlyCount "133"]
[EventDate "2023.04.16"]
[EventType "team-tourn"]
[EventRounds "9"]
[EventCountry "SUI"]
[SourceTitle "EXT 2024"]
[Source "ChessBase"]
[SourceDate "2023.10.10"]
[SourceVersion "1"]
[SourceVersionDate "2023.10.10"]
[SourceQuality "1"]
[WhiteTeam "Luzern"]
[BlackTeam "Nyon"]
[WhiteTeamCountry "SUI"]
[BlackTeamCountry "SUI"]

1. d4 d5 2. c4 c6 3. Nf3 Nf6 4. e3 a6 5. Nc3 b5 6. b3 Bg4 7. Be2 e6 8. h3 Bh5 9. 0-0 Nbd7 10. Bb2 Bd6 11. Ne5 Bxe2 12. Nxe2 Rc8 13. Nf4 0-0 14. a4 bxc4 15. bxc4 Bxe5 16. dxe5 Ne4 17. Qc2 Nb6 18. cxd5 cxd5 19. Qe2 Nc4 20. Bd4 Qa5 21. Qg4 Kh8 22. Nh5 g6 23. Ng3 Ned2 24. Rfd1 Nb3 25. Qf4 Qd8 26. Rab1 Rb8 27. Bc3 Qe7 28. e4 d4 29. Bxd4 Na3 30. Rb2 Rfd8 31. Rd3 Nxd4 32. Rxb8 Rxb8 33. Rxd4 Nc2 34. Rd6 Nb4 35. a5 Rc8 36. Qd2 Nc6 37. Qc3 Qb7 38. Qf3 Qe7 39. Qd3 Nxe5 40. Qxa6 Rc1+ 41. Nf1 Nc4 42. Rc6 Qb4 43. Kh2 Rxf1 44. Qxc4 Qxc4 45. Rxc4 Ra1 46. Rc5 f6 47. g4 g5 48. Kg3 Kg7 49. Rc7+ Kg6 50. Ra7 h6 51. Ra8 Ra3+ 52. Kg2 Ra4 53. a6 Kg7 54. Kf3 Ra3+ 55. Ke2 Rxh3 56. Re8 Ra3 57. Rxe6 Kf7 58. Rc6 Ke7 59. Kd2 Rf3 60. Ke2 Ra3 61. Rb6 Kf7 62. Rd6 Ke7 63. Rc6 Kf7 64. Kd2 Ke7 65. Kc2 Ra4 66. Kb3 Ra1 67. Kb4 1-0

[Event "SUI-chT"]
[Site "Switzerland"]
[Date "2018.09.09"]
[Round "7.7"]
[White "Almada, Enrique"]
[Black "Umbach, Andreas"]
[Result "1-0"]
[WhiteElo "2297"]
[BlackElo "2292"]
[PlyCount "65"]
[EventDate "2018.03.25"]
[EventType "team-tourn"]
[EventRounds "9"]
[EventCountry "SUI"]
[SourceTitle "EXT 2019"]
[Source "ChessBase"]
[SourceDate "2018.10.10"]
[SourceVersion "1"]
[SourceVersionDate "2018.10.10"]
[SourceQuality "1"]
[WhiteTeam "Luzern"]
[BlackTeam "Wollishofen"]
[WhiteTeamCountry "SUI"]
[BlackTeamCountry "SUI"]

1. d4 Nf6 2. c4 g6 3. Nf3 Bg7 4. g3 0-0 5. Bg2 d6 6. 0-0 Nbd7 7. Nc3 e5 8. e4 c6 9. h3 Re8 10. Be3 Qa5 11. Re1 exd4 12. Nxd4 Ne5 13. Qe2 Qb4 14. f4 Ned7 15. a3 Qa5 16. b4 Qc7 17. Rac1 a5 18. Qd3 axb4 19. axb4 Ra3 20. Bf2 h5 21. Qd2 Qb8 22. Rcd1 Qa8 23. Nde2 Bf8 24. Qb2 Bg7 25. Qc1 Rb3 26. b5 Qb8 27. Nd4 Rxc3 28. Qxc3 c5 29. Nc2 Nxe4 30. Qd3 Ndf6 31. Rxe4 Nxe4 32. Bxe4 Bxh3 33. Ne3 1-0

[Event "SUI-chT"]
[Site "Switzerland"]
[Date "2016.10.09"]
[Round "9.7"]
[White "Toth, Bela"]
[Black "Almada, Enrique"]
[Result "1/2-1/2"]
[WhiteElo "2352"]
[BlackElo "2292"]
[PlyCount "183"]
[EventDate "2016.03.20"]
[EventType "team-tourn"]
[EventRounds "9"]
[EventCountry "SUI"]
[SourceTitle "EXT 2017"]
[Source "ChessBase"]
[SourceDate "2016.10.25"]
[SourceVersion "1"]
[SourceVersionDate "2016.10.25"]
[SourceQuality "1"]
[WhiteTeam "Riehen"]
[BlackTeam "Luzern"]
[WhiteTeamCountry "SUI"]
[BlackTeamCountry "SUI"]

1. d4 Nf6 2. c4 e6 3. Nf3 b6 4. g3 Bb7 5. Bg2 Be7 6. 0-0 0-0 7. Nc3 Ne4 8. Qc2 Nxc3 9. Qxc3 Be4 10. Rd1 c6 11. Bf4 d5 12. Ne5 Bxg2 13. Kxg2 f6 14. Nf3 Na6 15. h4 Re8 16. a3 Qd7 17. Rac1 Rac8 18. Qd3 Qb7 19. Rc2 Bf8 20. cxd5 exd5 21. Qf5 Rcd8 22. h5 Qc8 23. Qxc8 Rxc8 24. Nh4 Kf7 25. g4 Re6 26. Kf3 Nc7 27. Bxc7 Rxc7 28. Nf5 Re8 29. Rdc1 Rec8 30. Ne3 Ke6 31. Ng2 Bd6 32. b4 Kd7 33. e3 Ra8 34. Ne1 a5 35. Nd3 axb4 36. axb4 Ra4 37. Rb1 Rc8 38. Ke2 Ra3 39. Rbb2 Ra4 40. Rb1 Ra3 41. Rcb2 Rca8 42. Rc1 Ra2 43. Rcc2 Rxb2 44. Rxb2 Ra1 45. Rb3 Kc7 46. Kf3 Kb7 47. e4 Rd1 48. e5 Be7 49. Ke2 Rg1 50. Kf3 Rd1 51. Kf4 g6 52. hxg6 hxg6 53. f3 Ka6 54. Ke3 Kb5 55. Ra3 fxe5 56. dxe5 Rh1 57. Ra8 Kc4 58. Nb2+ Kc3 59. Nd3 Bg5+ 60. f4 Rh3+ 61. Ke2 Rh2+ 62. Kf3 Kxd3 63. fxg5 Kd4 64. Ra6 Kxe5 65. Rxb6 Rh3+ 66. Ke2 Rc3 67. b5 Kd6 68. bxc6 Rxc6 69. Rb8 Ke5 70. Rf8 Ra6 71. Kf3 Ra3+ 72. Kf2 Ra4 73. Kf3 Ra3+ 74. Kf2 Ra6 75. Kf3 Rd6 76. Ke3 d4+ 77. Kd3 Ra6 78. Re8+ Kf4 79. Re4+ Kxg5 80. Rxd4 Re6 81. Kd2 Kh4 82. Ra4 g5 83. Rb4 Re5 84. Ra4 Kg3 85. Rb4 Kf3 86. Kd1 Kf2 87. Rd4 Re1+ 88. Kd2 Rg1 89. Rd5 Rxg4 90. Rf5+ Kg3 91. Ke3 Kh4 92. Kf2 1/2-1/2

[Event "SUI-chT"]
[Site "Switzerland"]
[Date "2016.08.28"]
[Round "7.7"]
[White "Landenbergue, Claude"]
[Black "Almada, Enrique"]
[Result "0-1"]
[WhiteElo "2349"]
[BlackElo "2292"]
[PlyCount "150"]
[EventDate "2016.03.20"]
[EventType "team-tourn"]
[EventRounds "9"]
[EventCountry "SUI"]
[SourceTitle "EXT 2017"]
[Source "ChessBase"]
[SourceDate "2016.10.25"]
[SourceVersion "1"]
[SourceVersionDate "2016.10.25"]
[SourceQuality "1"]
[WhiteTeam "Geneve"]
[BlackTeam "Luzern"]
[WhiteTeamCountry "SUI"]
[BlackTeamCountry "SUI"]

1. c4 Nf6 2. d4 e6 3. Nf3 b6 4. e3 Bb7 5. Bd3 d5 6. 0-0 Nbd7 7. Nc3 Be7 8. b3 0-0 9. Bb2 Ne4 10. Qe2 Ndf6 11. Rad1 Qc8 12. Ne5 Nxc3 13. Bxc3 Ne4 14. Bb2 f6 15. Nf3 Qd7 16. Qc2 Rac8 17. Nd2 f5 18. Nf3 Bd6 19. Ne5 Qe8 20. cxd5 Bxd5 21. f3 Nf6 22. e4 Bb7 23. exf5 exf5 24. Bxf5 Rd8 25. Rde1 Qh5 26. Bg4 Nxg4 27. Nxg4 Bd5 28. Qe2 Bb4 29. Rd1 Rde8 30. Qf2 Re6 31. h3 Bb7 32. a3 Bd6 33. b4 Rg6 34. Qe2 Bd5 35. Bc3 Bb3 36. Rb1 Re6 37. Qf2 Bc4 38. Rfe1 Rg6 39. Re3 Bd5 40. Rbe1 Rxg4 41. fxg4 Rxf2 42. gxh5 Rxg2+ 43. Kf1 Rc2 44. Rd1 Bf4 45. Red3 Bc4 46. Be1 Ra2 47. Kg1 Bh2+ 48. Kf1 Rxa3 49. Kg2 Rxd3 50. Rxd3 Bxd3 51. Kxh2 Kf7 52. Kg3 Ke6 53. Kf4 Kd5 54. Ke3 Bb1 55. h4 c6 56. h6 g6 57. Bd2 Kc4 58. Be1 Kb5 59. Kd2 Kc4 60. Ke3 Bf5 61. Bd2 Bc2 62. Be1 Bb1 63. Bd2 Kb5 64. Be1 Bf5 65. Bc3 a5 66. bxa5 bxa5 67. Kd2 a4 68. Kc1 Kc4 69. Bb2 Kb3 70. Ba1 a3 71. d5 cxd5 72. Be5 Kc4 73. Ba1 Kd3 74. Kb1 Ke3+ 75. Ka2 d4 0-1

[Event "SUI-chT"]
[Site "Switzerland"]
[Date "2016.08.27"]
[Round "6.8"]
[White "Schiendorfer, Emanuel"]
[Black "Almada, Enrique"]
[Result "1-0"]
[WhiteElo "2384"]
[BlackElo "2292"]
[PlyCount "125"]
[EventDate "2016.03.20"]
[EventType "team-tourn"]
[EventRounds "9"]
[EventCountry "SUI"]
[SourceTitle "EXT 2018"]
[Source "ChessBase"]
[SourceDate "2017.10.13"]
[SourceVersion "1"]
[SourceVersionDate "2017.10.13"]
[SourceQuality "1"]
[WhiteTeam "Winterthur"]
[BlackTeam "Luzern"]
[WhiteTeamCountry "SUI"]
[BlackTeamCountry "SUI"]

1. Nf3 d5 2. d4 c6 3. c4 e6 4. Nc3 f5 5. Bf4 Nf6 6. e3 Bd6 7. Be2 0-0 8. 0-0 b6 9. Bxd6 Qxd6 10. Ne5 Bb7 11. cxd5 exd5 12. Rc1 Nbd7 13. f4 Rac8 14. Qa4 a5 15. Rfd1 g6 16. Bf3 Kg7 17. h3 Qe6 18. Re1 Ba6 19. Nd1 Nxe5 20. dxe5 Ne4 21. Nf2 Rfd8 22. Bd1 Nxf2 23. Kxf2 c5 24. Qb3 Bc4 25. Qc2 Bb5 26. a4 Ba6 27. Qb3 Kf7 28. g4 d4 29. gxf5 gxf5 30. Qxe6+ Kxe6 31. e4 Bd3 32. exf5+ Kxf5 33. Bg4+ Kxf4 34. Bxc8 Rxc8 35. e6 Re8 36. Rg1 Rxe6 37. Rce1 Rxe1 38. Kxe1 Bf5 39. Rg7 Ke3 40. Rg3+ Ke4 41. Kd2 c4 42. h4 Bd7 43. Rg7 Bxa4 44. Rxh7 Kf5 45. Rc7 Bb5 46. Rb7 c3+ 47. bxc3 dxc3+ 48. Kxc3 Kg4 49. Rxb6 Be8 50. Re6 Bd7 51. Re7 Bc6 52. Rh7 Be8 53. Kd4 a4 54. Re7 Bc6 55. Re6 Bd7 56. Rh6 Be8 57. Re6 Bd7 58. Re4+ Kh5 59. Re7 Bc6 60. Rh7+ Kg4 61. h5 a3 62. h6 Kg5 63. Ra7 1-0

[Event "SUI-chT"]
[Site "Switzerland"]
[Date "2015.09.06"]
[Round "7.8"]
[White "Almada, Enrique"]
[Black "Berset, Philippe"]
[Result "1/2-1/2"]
[WhiteElo "2302"]
[BlackElo "2159"]
[PlyCount "59"]
[EventDate "2015.03.29"]
[EventType "team-tourn"]
[EventRounds "9"]
[EventCountry "SUI"]
[SourceTitle "EXT 2016"]
[Source "ChessBase"]
[SourceDate "2015.10.08"]
[SourceVersion "1"]
[SourceVersionDate "2015.10.08"]
[SourceQuality "1"]
[WhiteTeam "Luzern"]
[BlackTeam "Neuchatel"]
[WhiteTeamCountry "SUI"]
[BlackTeamCountry "SUI"]

1. d4 Nf6 2. c4 c5 3. d5 b5 4. cxb5 a6 5. bxa6 g6 6. Nc3 Bg7 7. e4 0-0 8. Nf3 Qa5 9. Nd2 Bxa6 10. Bxa6 Qxa6 11. Qe2 e6 12. Qxa6 Nxa6 13. 0-0 Rfb8 14. Rd1 Nb4 15. Nc4 Nc2 16. Rb1 Ng4 17. Ne3 Ngxe3 18. Bxe3 Nxe3 19. fxe3 Bxc3 20. bxc3 Rxb1 21. Rxb1 Rxa2 22. Rb5 exd5 23. exd5 d6 24. Rb6 Re2 25. Rxd6 Rxe3 26. Rc6 Rxc3 27. Rc8+ Kg7 28. d6 Rd3 29. d7 Rxd7 30. Rxc5 1/2-1/2

[Event "SUI-chT"]
[Site "Switzerland"]
[Date "2015.05.31"]
[Round "4.7"]
[White "Almada, Enrique"]
[Black "Turkmani, Julian"]
[Result "1/2-1/2"]
[WhiteElo "2302"]
[BlackElo "2108"]
[PlyCount "47"]
[EventDate "2015.03.29"]
[EventType "team-tourn"]
[EventRounds "9"]
[EventCountry "SUI"]
[SourceTitle "EXT 2016"]
[Source "ChessBase"]
[SourceDate "2015.10.08"]
[SourceVersion "1"]
[SourceVersionDate "2015.10.08"]
[SourceQuality "1"]
[WhiteTeam "Luzern"]
[BlackTeam "Bern Schwarz Weiss"]
[WhiteTeamCountry "SUI"]
[BlackTeamCountry "SUI"]

1. d4 Nf6 2. c4 e6 3. Nf3 b6 4. a3 Bb7 5. Nc3 Be7 6. d5 d6 7. e4 Nbd7 8. Bd3 c6 9. dxe6 fxe6 10. Ng5 Nc5 11. Be3 Nfd7 12. Bc2 Ne5 13. Bxc5 Bxg5 14. Bd4 Bf6 15. Bb3 c5 16. Ba4+ Kf7 17. Bxe5 Bxe5 18. 0-0 Bxc3 19. bxc3 Bxe4 20. Qh5+ Bg6 21. Qf3+ Qf6 22. Qb7+ Qe7 23. Qf3+ Qf6 24. Qb7+ 1/2-1/2

[Event "SUI-chT"]
[Site "Switzerland"]
[Date "2015.04.26"]
[Round "3.8"]
[White "Fend, Juergen"]
[Black "Almada, Enrique"]
[Result "0-1"]
[WhiteElo "2277"]
[BlackElo "2302"]
[PlyCount "82"]
[EventDate "2015.03.29"]
[EventType "team-tourn"]
[EventRounds "9"]
[EventCountry "SUI"]
[SourceTitle "EXT 2016"]
[Source "ChessBase"]
[SourceDate "2015.10.08"]
[SourceVersion "1"]
[SourceVersionDate "2015.10.08"]
[SourceQuality "1"]
[WhiteTeam "Wollishofen"]
[BlackTeam "Luzern"]
[WhiteTeamCountry "SUI"]
[BlackTeamCountry "SUI"]

1. c4 Nf6 2. Nc3 e6 3. Nf3 Bb4 4. Qb3 Nc6 5. a3 Bxc3 6. Qxc3 a5 7. b3 d6 8. Bb2 e5 9. d3 0-0 10. e3 Re8 11. Be2 Bg4 12. 0-0 h6 13. Rae1 Qd7 14. Nd2 Bxe2 15. Rxe2 d5 16. cxd5 Qxd5 17. f4 exf4 18. Rxf4 Qe5 19. Qxe5 Nxe5 20. Rd4 Re6 21. b4 axb4 22. axb4 Nc6 23. Rc4 Ra2 24. Bxf6 Rxf6 25. h3 Rb2 26. d4 Nxb4 27. Ne4 Rb1+ 28. Kh2 Rc6 29. Rxc6 Nxc6 30. Rc2 Rb3 31. Nc5 Rxe3 32. Nxb7 Nxd4 33. Rxc7 Re2 34. Nd6 Nf3+ 35. Kg3 Ne1 36. h4 Rxg2+ 37. Kh3 Rf2 38. Kg4 Nd3 39. Re7 Rf6 40. Re8+ Kh7 41. Rd8 Nf2+ 0-1

[Event "SUI-chT"]
[Site "Switzerland"]
[Date "2015.03.29"]
[Round "1.8"]
[White "Almada, Enrique"]
[Black "Gaehwiler, Gabriel"]
[Result "0-1"]
[WhiteElo "2302"]
[BlackElo "2346"]
[PlyCount "57"]
[EventDate "2015.03.29"]
[EventType "team-tourn"]
[EventRounds "9"]
[EventCountry "SUI"]
[SourceTitle "EXT 2016"]
[Source "ChessBase"]
[SourceDate "2015.10.08"]
[SourceVersion "1"]
[SourceVersionDate "2015.10.08"]
[SourceQuality "1"]
[WhiteTeam "Luzern"]
[BlackTeam "Winterthur"]
[WhiteTeamCountry "SUI"]
[BlackTeamCountry "SUI"]

1. d4 d5 2. c4 dxc4 3. Nf3 Nf6 4. e3 b5 5. a4 b4 6. Bxc4 e6 7. 0-0 Bb7 8. Nbd2 Be7 9. b3 0-0 10. Bb2 Nbd7 11. Rc1 c5 12. Qe2 Rc8 13. Rfd1 Rc7 14. Ba6 Bxa6 15. Qxa6 Qc8 16. Qxc8 Rfxc8 17. Kf1 Nd5 18. Nc4 cxd4 19. Nxd4 Nc5 20. Na5 Bf6 21. Rc4 Ne4 22. Ndc6 Nd6 23. Rc2 Bxb2 24. Rxb2 Rxc6 25. Nxc6 Rxc6 26. Rd4 f5 27. Ke2 Rc3 28. g3 Ne4 29. Rdd2 0-1

[Event "SUI-chT"]
[Site "Switzerland"]
[Date "2014.09.06"]
[Round "6.8"]
[White "Buss, Ralph"]
[Black "Almada, Enrique"]
[Result "1-0"]
[WhiteElo "2385"]
[BlackElo "2311"]
[PlyCount "91"]
[EventDate "2014.03.16"]
[EventType "team-tourn"]
[EventRounds "9"]
[EventCountry "SUI"]
[SourceTitle "EXT 2015"]
[Source "ChessBase"]
[SourceDate "2014.11.20"]
[SourceVersion "1"]
[SourceVersionDate "2014.11.20"]
[SourceQuality "1"]
[WhiteTeam "Riehen"]
[BlackTeam "Luzern"]
[WhiteTeamCountry "SUI"]
[BlackTeamCountry "SUI"]

1. Nf3 Nf6 2. c4 e6 3. Nc3 Bb4 4. Qc2 Nc6 5. a3 Bxc3 6. Qxc3 a5 7. b3 0-0 8. Bb2 d6 9. e3 e5 10. d3 Re8 11. Be2 Qe7 12. 0-0 b6 13. Rae1 Bb7 14. Nd2 d5 15. cxd5 Nxd5 16. Qc2 Rad8 17. Rc1 Qe6 18. Rfe1 Nb8 19. Bf3 c5 20. Qb1 Qg6 21. d4 Qxb1 22. Rxb1 Nd7 23. dxe5 Nxe5 24. Bxe5 Rxe5 25. Nc4 Re7 26. Red1 Red7 27. Ne5 Rd6 28. Nc4 R6d7 29. Bxd5 Rxd5 30. Rxd5 Rxd5 31. Nxb6 Rd3 32. Nc4 Bd5 33. Nxa5 f5 34. h4 Kf7 35. Rc1 Bxb3 36. Nxb3 Rxb3 37. Rxc5 Kf6 38. Ra5 Rb2 39. Ra6+ Ke5 40. Ra7 Kf6 41. g3 Ra2 42. a4 h5 43. Ra6+ Kf7 44. a5 Ke7 45. Ra8 Kf7 46. a6 1-0

[Event "SUI-chT"]
[Site "Switzerland"]
[Date "2014.03.16"]
[Round "1.8"]
[White "Schiendorfer, Emanuel"]
[Black "Almada, Enrique"]
[Result "1/2-1/2"]
[WhiteElo "2341"]
[BlackElo "2317"]
[PlyCount "119"]
[EventDate "2014.03.16"]
[EventType "team-tourn"]
[EventRounds "9"]
[EventCountry "SUI"]
[SourceTitle "EXT 2015"]
[Source "ChessBase"]
[SourceDate "2014.11.20"]
[SourceVersion "1"]
[SourceVersionDate "2014.11.20"]
[SourceQuality "1"]
[WhiteTeam "Winterthur"]
[BlackTeam "Luzern"]
[WhiteTeamCountry "SUI"]
[BlackTeamCountry "SUI"]

1. d4 Nf6 2. c4 e6 3. Nf3 b6 4. g3 Bb7 5. Bg2 Be7 6. 0-0 0-0 7. d5 exd5 8. Nh4 c6 9. cxd5 cxd5 10. Nf5 Na6 11. Nc3 Nc7 12. Bf4 Re8 13. Rc1 Bc6 14. Qb3 Bc5 15. Rcd1 Ne6 16. e3 g6 17. Nd6 Re7 18. Ndb5 a6 19. Nd4 Bxd4 20. Rxd4 Nxd4 21. exd4 Re6 22. Bg5 Qc7 23. Bh3 Ne4 24. Bf4 Qb7 25. Bxe6 dxe6 26. h4 Rc8 27. f3 Nxc3 28. bxc3 Bb5 29. Rf2 Qc6 30. Bd2 Qc4 31. Qa3 Qc7 32. Kg2 f6 33. Bf4 Qd7 34. g4 Re8 35. Qb4 e5 36. Bg3 Qe6 37. g5 e4 38. fxe4 Qxe4+ 39. Kh2 f5 40. Qd6 Qe6 41. Qxe6+ Rxe6 42. Be5 Rc6 43. Rf3 Ba4 44. Kg3 Bc2 45. Kf4 Kf7 46. Rh3 Ke6 47. h5 Bd1 48. hxg6 hxg6 49. Bf6 Rc8 50. Rh1 Bg4 51. Rb1 b5 52. Re1+ Kd6 53. Re3 Bh5 54. Be7+ Kd7 55. Bc5 Re8 56. Rxe8 Kxe8 57. Ke5 Bf3 58. Kf6 Be4 59. Bd6 f4 60. Bxf4 1/2-1/2

[Event "SUI-chT"]
[Site "Switzerland"]
[Date "2013.06.23"]
[Round "5.5"]
[White "Almada, Enrique"]
[Black "Modler, Andreas"]
[Result "1/2-1/2"]
[WhiteElo "2330"]
[BlackElo "2298"]
[PlyCount "111"]
[EventDate "2013.03.17"]
[EventType "team-tourn"]
[EventRounds "9"]
[EventCountry "SUI"]
[SourceTitle "EXT 2014"]
[Source "ChessBase"]
[SourceDate "2013.11.20"]
[SourceVersion "1"]
[SourceVersionDate "2013.11.20"]
[SourceQuality "1"]
[WhiteTeam "Luzern"]
[BlackTeam "Bodan"]
[WhiteTeamCountry "SUI"]
[BlackTeamCountry "SUI"]

1. d4 d5 2. c4 dxc4 3. Nf3 Nf6 4. e3 Bg4 5. Bxc4 e6 6. 0-0 Nbd7 7. h3 Bh5 8. Nc3 Bb4 9. Qb3 c5 10. a3 Bxc3 11. bxc3 Qc7 12. a4 0-0 13. Nd2 Rfc8 14. Ba3 Nb6 15. Rfc1 Nxc4 16. Nxc4 Nd7 17. Qb2 Bg6 18. Qe2 Qc6 19. a5 Qa6 20. Kf1 cxd4 21. cxd4 Rc6 22. Ne5 Nxe5 23. Qxa6 Rxa6 24. dxe5 Rxa5 25. Bd6 Rxa1 26. Rxa1 Be4 27. f3 Bc6 28. Ke2 h5 29. g4 hxg4 30. hxg4 Kh7 31. e4 a5 32. Ke3 a4 33. Ra2 Rd8 34. Rh2+ Kg6 35. f4 f6 36. f5+ Kf7 37. Rh7 Kg8 38. Rh2 exf5 39. gxf5 fxe5 40. Bxe5 Rd1 41. Rg2 Re1+ 42. Kd2 Rxe4 43. Rxg7+ Kf8 44. Bc3 Rf4 45. f6 Bd5 46. Rd7 Bc6 47. Rg7 Bd5 48. Rd7 Rf5 49. Bb4+ Ke8 50. Re7+ Kd8 51. f7 Rxf7 52. Rxf7 Bxf7 53. Kc3 Kd7 54. Kb2 Kc6 55. Ka3 Kb5 56. Bf8 1/2-1/2

[Event "SUI-chT"]
[Site "Switzerland"]
[Date "2013.04.28"]
[Round "2.5"]
[White "Gaehler, Marco"]
[Black "Almada, Enrique"]
[Result "1-0"]
[WhiteElo "2320"]
[BlackElo "2338"]
[PlyCount "111"]
[EventDate "2013.03.17"]
[EventType "team-tourn"]
[EventRounds "9"]
[EventCountry "SUI"]
[SourceTitle "EXT 2014"]
[Source "ChessBase"]
[SourceDate "2013.11.20"]
[SourceVersion "1"]
[SourceVersionDate "2013.11.20"]
[SourceQuality "1"]
[WhiteTeam "Wollishofen"]
[BlackTeam "Luzern"]
[WhiteTeamCountry "SUI"]
[BlackTeamCountry "SUI"]

1. g3 d5 2. Bg2 Nf6 3. d3 e5 4. c4 c6 5. Qa4 Nbd7 6. cxd5 Nxd5 7. Nf3 Be7 8. 0-0 0-0 9. a3 a5 10. Nbd2 Qc7 11. Qc2 a4 12. b4 axb3 13. Nxb3 Re8 14. Bb2 Bf8 15. Nbd2 N7b6 16. e4 Nf6 17. a4 Bg4 18. d4 exd4 19. Nxd4 Rad8 20. h3 Bc8 21. f4 Qe7 22. a5 Qc5 23. Qxc5 Bxc5 24. N2b3 Nc4 25. Nxc5 Nxb2 26. Ndb3 Nd3 27. Rab1 Nxc5 28. Nxc5 Rd4 29. e5 Nd5 30. Nxb7 Bxb7 31. Rxb7 Ra4 32. Ra7 g5 33. fxg5 Re7 34. Ra8+ Kg7 35. h4 Ne3 36. Rf2 Ra1+ 37. Bf1 Nxf1 38. Rxf1 Rxf1+ 39. Kxf1 Rxe5 40. Kf2 Re4 41. a6 Ra4 42. a7 Ra3 43. Ke2 c5 44. Kd2 Ra1 45. Kd3 Ra4 46. Kc3 Ra1 47. Kc4 Ra2 48. Kxc5 Ra1 49. Kd6 Rd1+ 50. Ke5 Re1+ 51. Kf5 Rf1+ 52. Kg4 Ra1 53. h5 h6 54. gxh6+ Kh7 55. Kf5 Ra6 56. Kg5 1-0

[Event "SUI-chT"]
[Site "Switzerland"]
[Date "2012.09.23"]
[Round "7.5"]
[White "Almada, Enrique"]
[Black "Domont, Alexandre"]
[Result "1/2-1/2"]
[WhiteElo "2352"]
[BlackElo "2367"]
[PlyCount "184"]
[EventDate "2012.03.18"]
[EventType "team-tourn"]
[EventRounds "9"]
[EventCountry "SUI"]
[SourceTitle "EXT 2013"]
[Source "ChessBase"]
[SourceDate "2012.11.22"]
[SourceVersion "1"]
[SourceVersionDate "2012.11.22"]
[SourceQuality "1"]
[WhiteTeam "Luzern"]
[BlackTeam "Geneve"]
[WhiteTeamCountry "SUI"]
[BlackTeamCountry "SUI"]

1. d4 d5 2. c4 c6 3. Nf3 Nf6 4. Nc3 dxc4 5. a4 e6 6. e3 c5 7. Bxc4 Nc6 8. 0-0 Be7 9. Qe2 cxd4 10. Rd1 0-0 11. exd4 Nb4 12. Bg5 Nbd5 13. Ne5 h6 14. Bh4 Nxc3 15. bxc3 Nd5 16. Bxe7 Nxe7 17. Rd3 Qc7 18. Rh3 f6 19. Ng4 Rf7 20. Bxe6 Bxe6 21. Qxe6 Qc8 22. d5 Qxe6 23. dxe6 Rff8 24. Rd3 Rfe8 25. Rd7 Nf5 26. Rxb7 Rxe6 27. Rd1 Rb6 28. Rdd7 Re8 29. g3 h5 30. Rxb6 axb6 31. Rd5 hxg4 32. Rxf5 Rc8 33. Rb5 Rxc3 34. Rxb6 Rc4 35. a5 Ra4 36. Rb8+ Kh7 37. Ra8 Ra2 38. Kf1 Kg6 39. Ra7 Kf5 40. Rxg7 Rxa5 41. Rc7 Ra1+ 42. Kg2 Ra2 43. Rc5+ Kg6 44. Rc4 Kg5 45. Rd4 Rb2 46. Kf1 Rb1+ 47. Kg2 Rb2 48. Rd8 Ra2 49. Rh8 Rb2 50. h3 gxh3+ 51. Rxh3 Ra2 52. Rh8 Kf5 53. Rb8 Rc2 54. Rb5+ Kg6 55. Rd5 Rc3 56. Kf1 Rc2 57. Ke1 Rb2 58. Rd2 Rb5 59. Ke2 Re5+ 60. Kf3 Rf5+ 61. Kg2 Ra5 62. Rd3 Ra2 63. Kf3 Rb2 64. Rd5 Ra2 65. g4 Ra3+ 66. Kf4 Ra4+ 67. Kg3 Ra3+ 68. f3 Rb3 69. Kf4 Rb4+ 70. Kg3 Rb3 71. Rd4 Ra3 72. Kf4 Rb3 73. Ke4 Rb1 74. f4 Rb3 75. Rd6 Rb4+ 76. Kf3 Rb3+ 77. Kg2 Kg7 78. Kf2 Kf7 79. Rd7+ Kg6 80. Re7 Ra3 81. Re3 Ra1 82. Rd3 Ra4 83. Kg3 Ra1 84. Rd7 Kh6 85. Rd6 Kg7 86. Kf3 Rg1 87. Rd7+ Kf8 88. Ra7 Kg8 89. Ke4 Rxg4 90. Kf5 Rh4 91. Kg6 Rg4+ 92. Kf5 Rh4 1/2-1/2

[Event "SUI-chT"]
[Site "Switzerland"]
[Date "2012.09.22"]
[Round "6.7"]
[White "Almada, Enrique"]
[Black "Maeser, Fabian"]
[Result "0-1"]
[WhiteElo "2352"]
[BlackElo "2271"]
[PlyCount "76"]
[EventDate "2012.03.18"]
[EventType "team-tourn"]
[EventRounds "9"]
[EventCountry "SUI"]
[SourceTitle "EXT 2013"]
[Source "ChessBase"]
[SourceDate "2012.11.22"]
[SourceVersion "1"]
[SourceVersionDate "2012.11.22"]
[SourceQuality "1"]
[WhiteTeam "Luzern"]
[BlackTeam "Wollishofen"]
[WhiteTeamCountry "SUI"]
[BlackTeamCountry "SUI"]

1. d4 Nf6 2. c4 g6 3. Nf3 Bg7 4. g3 0-0 5. Bg2 d6 6. 0-0 Nbd7 7. Nc3 e5 8. e4 a6 9. Re1 exd4 10. Nxd4 Ng4 11. Qxg4 Bxd4 12. Qe2 Bg7 13. Be3 Ne5 14. Rad1 b6 15. h3 Be6 16. Nd5 b5 17. c5 Nc4 18. Bc1 dxc5 19. b3 Ne5 20. Nb6 cxb6 21. Rxd8 Raxd8 22. Rd1 c4 23. Ba3 Rxd1+ 24. Qxd1 Rc8 25. f4 Nd3 26. e5 b4 27. bxc4 Bxc4 28. Bc1 Bxa2 29. Qxd3 Rxc1+ 30. Kh2 Bc4 31. Qd2 Rc3 32. Qd8+ Bf8 33. Bd5 Rc2+ 34. Kh1 b3 35. Bxc4 Rxc4 36. e6 b2 37. e7 b1Q+ 38. Kg2 Qe4+ 0-1

[Event "SUI-chT"]
[Site "Switzerland"]
[Date "2012.03.18"]
[Round "1.6"]
[White "Kuehn, Peter"]
[Black "Almada, Enrique"]
[Result "1/2-1/2"]
[WhiteElo "2380"]
[BlackElo "2356"]
[PlyCount "43"]
[EventDate "2012.03.18"]
[EventType "team-tourn"]
[EventRounds "9"]
[EventCountry "SUI"]
[SourceTitle "CBM 147 Extra"]
[Source "ChessBase"]
[SourceDate "2012.04.24"]
[SourceVersion "1"]
[SourceVersionDate "2012.04.24"]
[SourceQuality "1"]
[WhiteTeam "Reichenstein"]
[BlackTeam "Luzern"]
[WhiteTeamCountry "SUI"]
[BlackTeamCountry "SUI"]

1. d4 Nf6 2. g3 e6 3. Bg2 c5 4. Nf3 Nc6 5. 0-0 d5 6. c4 Be7 7. cxd5 exd5 8. Nc3 0-0 9. dxc5 Bxc5 10. Na4 Be7 11. Be3 Re8 12. Rc1 Ne4 13. Nd4 Bf6 14. Nxc6 bxc6 15. Bd4 Ba6 16. Re1 Bxd4 17. Qxd4 Qa5 18. a3 Rad8 19. e3 Bc4 20. Nc3 c5 21. Qd1 Nf6 22. Qa4 1/2-1/2

[Event "SUI-chT"]
[Site "Switzerland"]
[Date "2011.08.28"]
[Round "7.5"]
[White "Almada, Enrique"]
[Black "Brendel, Oliver"]
[Result "1-0"]
[WhiteElo "2349"]
[BlackElo "2392"]
[PlyCount "85"]
[EventDate "2011.02.27"]
[EventType "team-tourn"]
[EventRounds "9"]
[EventCountry "SUI"]
[SourceTitle "EXT 2012"]
[Source "ChessBase"]
[SourceDate "2011.11.24"]
[SourceVersion "1"]
[SourceVersionDate "2011.11.24"]
[SourceQuality "1"]
[WhiteTeam "Luzern"]
[BlackTeam "Riehen"]
[WhiteTeamCountry "SUI"]
[BlackTeamCountry "SUI"]

1. d4 Nf6 2. c4 g6 3. Nf3 Bg7 4. g3 d5 5. cxd5 Nxd5 6. Bg2 Nb6 7. Nc3 Nc6 8. e3 0-0 9. 0-0 Re8 10. d5 Na5 11. Nd4 Bd7 12. b4 Nac4 13. a4 c6 14. Qb3 Bxd4 15. exd4 a5 16. dxc6 bxc6 17. Re1 Nd6 18. Bf4 axb4 19. Qxb4 Nbc4 20. Bf1 Qa5 21. Rab1 Qxb4 22. Rxb4 Na3 23. Rc1 Bf5 24. g4 Be6 25. Bxd6 exd6 26. Ne4 Reb8 27. Rxb8+ Rxb8 28. Rc3 Nb1 29. Rxc6 Kg7 30. f3 Ra8 31. Bb5 Bd5 32. Rxd6 Bxe4 33. fxe4 Nd2 34. e5 Kh6 35. Rd7 Kg5 36. Rxf7 Rc8 37. Kf2 Rc3 38. Ke2 Nb3 39. Rd7 Kf4 40. Bd3 Nc1+ 41. Kd2 Rc8 42. Rb7 Kxg4 43. a5 1-0